Map of the hills, rivers, canals, and principal roads, of England and Wales (Record no. 114183)

MARC details
000 -LEADER
fixed length control field 00787cam a22001815a 4500
001 - CONTROL NUMBER
control field L156326
008 - FIXED-LENGTH DATA ELEMENTS--GENERAL INFORMATION
fixed length control field 120514s1832 xxk f 000 0 eng d
035 ## - SYSTEM CONTROL NUMBER
System control number (Sirsi) u156326
041 0# - LANGUAGE CODE
Language code of text/sound track or separate title eng
100 1# - MAIN ENTRY--PERSONAL NAME
Personal name Arrowsmith, Aaron
Dates associated with a name 1750-1823
245 00 - TITLE STATEMENT
Title Map of the hills, rivers, canals, and principal roads, of England and Wales
Remainder of title (reduced from the large one in 18 sheets). Exhibiting most of the places whose situation has been ascertained by the stations and intersections of the triginometrical survey
260 ## - PUBLICATION, DISTRIBUTION, ETC.
Place of publication, distribution, etc. London
Name of publisher, distributor, etc. A. Arrowsmith ...
Date of publication, distribution, etc. 1832
300 ## - PHYSICAL DESCRIPTION
Extent 1 map in 4 pieces
Other physical details col.
Dimensions 181 x 144 cm, folded to 25 x 16 cm, in slip case
583 ## - ACTION NOTE
Action Condition reviewed
Time/date of action 20120620
Status condition level 3
651 #4 - SUBJECT ADDED ENTRY--GEOGRAPHIC NAME
Geographic name England and Wales
Chronological subdivision 1543-
690 ## - LOCAL SUBJECT ADDED ENTRY--TOPICAL TERM (OCLC, RLIN)
Topical term or geographic name as entry element Geomatics
9 (RLIN) 6242
942 ## - ADDED ENTRY ELEMENTS (KOHA)
Suppress in OPAC 0
Holdings
Withdrawn status Lost status Source of classification or shelving scheme Damaged status Not for loan Home library Current library Shelving location Date acquired Total Checkouts Full call number Barcode Date last seen Copy number Price effective from Koha item type
    Dewey Decimal Classification     Historic collection Historic collection Historic collection 14/05/2012   MAP 1832 ARROWSMITH 30077065 06/08/2019 1 06/08/2019 Book